Aborto legal : (Record no. 3322)
[ view plain ]
| 000 -LEADER | |
|---|---|
| fixed length control field | 00608nam a22001457a 4500 |
| 008 - FIXED-LENGTH DATA ELEMENTS--GENERAL INFORMATION | |
| fixed length control field | 161011b xxu||||| |||| 00| 0 spa d |
| 020 ## - INTERNATIONAL STANDARD BOOK NUMBER | |
| International Standard Book Number | 978-9974-7717-5-8 |
| 082 ## - DEWEY DECIMAL CLASSIFICATION NUMBER | |
| Edition number | 14 |
| Classification number | 363.46 |
| 110 2# - MAIN ENTRY--CORPORATE NAME | |
| 9 (RLIN) | 4145 |
| Corporate name or jurisdiction name as entry element | Federación Internacional de Planificación Familiar. |
| 245 10 - TITLE STATEMENT | |
| Title | Aborto legal : |
| Remainder of title | regulaciones sanitarias comparadas. Un análisis en América Latina y algunos países de Europa y África. / |
| Statement of responsibility, etc | Federación Internacional de Planificación Familiar. |
| 260 ## - PUBLICATION, DISTRIBUTION, ETC. (IMPRINT) | |
| Place of publication, distribution, etc | New York : |
| Name of publisher, distributor, etc | Federación Internacional de Planificación, |
| Date of publication, distribution, etc | s.f., |
| 300 ## - PHYSICAL DESCRIPTION | |
| Extent | 193 p. |
| Other physical details | + 1 cd |
| 650 10 - SUBJECT ADDED ENTRY--TOPICAL TERM | |
| 9 (RLIN) | 3225 |
| Topical term or geographic name as entry element | ABORTO |
| 942 ## - ADDED ENTRY ELEMENTS (KOHA) | |
| Source of classification or shelving scheme | Dewey Decimal Classification |
| Item type | Libro, folleto, traducción |
| 980 ## - EQUIVALENCE OR CROSS-REFERENCE-SERIES STATEMENT--PERSONAL NAME/TITLE [LOCAL, CANADA] | |
| Field link and sequence number | 1943 |
| Miscellaneous information | VALERIA BEATRIZ DOMÍNGUEZ |
| Withdrawn status | Lost status | Source of classification or shelving scheme | Damaged status | Not for loan | Home library | Current library | Date acquired | Source of acquisition | Total Checkouts | Full call number | Barcode | Date last seen | Price effective from | Koha item type |
|---|---|---|---|---|---|---|---|---|---|---|---|---|---|---|
| Dewey Decimal Classification | Biblioteca Central | Biblioteca Central | 11/10/2016 | Donación | 363.46 FED | UNAJ16101043 | 17/03/2025 | 11/10/2016 | Libro, folleto, traducción | |||||
| Dewey Decimal Classification | Biblioteca Central | Biblioteca Central | 11/10/2016 | Donación | CD 56 | UNAJ16101044 | 24/02/2022 | 11/10/2016 | CD/DVD de datos |